000 00694nas a2200241 4500
001 BR7100272
003 BR-BrBNA
005 20231205082327.0
007 ta
008 230509b bl.|||p| |||| 00| 00por d
040 _aBR-BrBNA
_bpor
_cBiblioteca Nacional de Agricultura
041 _a(Pt)
072 _aN20
100 1 _aAnon.
245 1 _aSerrana S.A. DE AVIACAO AGRICOLA [Rio Grande do Sul; Brasil]
650 _aEquipamento rural
650 _aAviao
650 _aDefesa vegetal
650 _aRio Grande do Sul
773 0 _tLavoura Arrozeira (Brazil)
_xISS 0023-9143
_g(Nov 1971), v. 24(264) p. 24
_wBR7100272
909 _a202311
_bLúcia
_c55
_dLúcia Elande
942 _2AGRIS
_n0
_cANA
999 _c90925
_d90925